Đánh giá khả năng và thói quen sử dụng tài liệu tiếng Anh của sinh viên hệ đại học chính quy và học viên cao học hệ chính quy trường Đại học Cần Thơ: Cở sở để bổ sung tài liệu ngoại văn cho Trung tâm Học liệu Đại học Cần Thơ : Báo cáo tổng kết đề tài nghiên cứu Khoa học của sinh viên

Đề tài nghiên cứu tập trung đánh giá thói quen, khả năng sử dụng tài liệu tiếng Anh của sinh viên hệ đại học chính qui và học viên cao học hệ chính qui, từ đó đề xuất những kiến nghị góp phần hỗ trợ cho công tác lựa chọn, bổ sung vốn tà...

Πλήρης περιγραφή

Αποθηκεύτηκε σε:
Λεπτομέρειες βιβλιογραφικής εγγραφής
Κύριος συγγραφέας: La, Hoàng Kim Yến Phượng
Μορφή: Βιβλίο
Γλώσσα:Undetermined
Έκδοση: Cần Thơ Trường Đại học Cần Thơ 2013
Θέματα:
Ετικέτες: Προσθήκη ετικέτας
Δεν υπάρχουν, Καταχωρήστε ετικέτα πρώτοι!
Thư viện lưu trữ: Trung tâm Học liệu Trường Đại học Cần Thơ
LEADER 01819nam a2200241Ia 4500
001 CTU_205715
008 210402s9999 xx 000 0 und d
082 |a 025.2 
082 |b Ph561 
088 |a TSV2013-36 
100 |a La, Hoàng Kim Yến Phượng 
245 0 |a Đánh giá khả năng và thói quen sử dụng tài liệu tiếng Anh của sinh viên hệ đại học chính quy và học viên cao học hệ chính quy trường Đại học Cần Thơ: Cở sở để bổ sung tài liệu ngoại văn cho Trung tâm Học liệu Đại học Cần Thơ : 
245 0 |b Báo cáo tổng kết đề tài nghiên cứu Khoa học của sinh viên 
245 0 |c La Hoàng Kim Yến Phượng (Chủ nhiệm đề tài) ; Lâm Thị Hương Duyên (Cán bộ hướng dẫn) ; Nguyễn Lê Ánh Tuyết, Trần Thụy Vân Anh (Tham gia thực hiện) 
260 |a Cần Thơ 
260 |b Trường Đại học Cần Thơ 
260 |c 2013 
520 |a Đề tài nghiên cứu tập trung đánh giá thói quen, khả năng sử dụng tài liệu tiếng Anh của sinh viên hệ đại học chính qui và học viên cao học hệ chính qui, từ đó đề xuất những kiến nghị góp phần hỗ trợ cho công tác lựa chọn, bổ sung vốn tài liệu tiếng Anh hoặc cơ sở dữ liệu tiếng Anh cho Trung tâm Học liệu trường ĐHCT. 
650 |a Academic libraries,Thư viện Đại học 
650 |x Collection development,Phát triển bộ sưu tập 
904 |i Hải 
915 |a XH 
980 |a Trung tâm Học liệu Trường Đại học Cần Thơ